000
00302nam a2200145Ia 4500
100
_a
Kurose/ Keith W.Ross
942
_c
BK
654
_a
networking
245
_a
Computer Networking
260
_b
Pearson Education
_c
2003
082
_a
4.6
_b
KUR
300
_a
752
546
_a
ENGLISH
999
_c
28639
_d
28639